Application of polynomial functions and hybrid methods in electromagnetic computation /
Saved in:
| Main Author: | |
|---|---|
| Format: | Thesis Book |
| Language: | English |
| Published: |
1995.
|
| Subjects: | |
| Tags: |
Add Tag
No Tags, Be the first to tag this record!
|
| LEADER | 00764cam a2200229 a 4500 | ||
|---|---|---|---|
| 001 | u385807 | ||
| 003 | SIRSI | ||
| 008 | 951024s1995 si v 00 1 eng m | ||
| 035 | |a ABY-0234 | ||
| 040 | |a UMM | ||
| 090 | |a QC665 |b E4Wan | ||
| 100 | 1 | 0 | |a Wang, Baikun. |
| 245 | 1 | 0 | |a Application of polynomial functions and hybrid methods in electromagnetic computation / |c by Wang Baikun. |
| 260 | |c 1995. | ||
| 300 | |a xviii, 161 leaves : |b ill. ; |c 30 cm. | ||
| 502 | |a Thesis (Ph.D.) -- National University of Singapore, 1995. | ||
| 504 | |a Bibliography: leaves 150-161. | ||
| 650 | 0 | |a Polynomials. | |
| 650 | 0 | |a Electromagnetic fields |x Mathematics. | |
| 948 | |a 24/10/1995 |b 25/11/2000 | ||
| 596 | |a 1 | ||
| 999 | |a QC665 E4WAN |w LC |c 1 |i A506001678 |l STACKS |m P01UTAMA |r Y |s Y |t TESIS |u 15/8/1996 | ||
